NCAA/Pro Team Crossover Names - Statistics

General Stats
  • This quiz has been taken 114 times
    77 since last reset
  • The average score is 30 of 105
Answer Stats
Pro Team NCAA Counterpart(s) % Correct
Anaheim Ducks Oregon
91%
UCLA
84%
Carolina Hurricanes Miami (FL)
77%
Louisville
74%
Clemson
63%
Detroit Tigers Auburn
58%
Oklahoma State
58%
Houston Rockets Toledo
58%
Atlanta Falcons Air Force
56%
Los Angeles Rams Colorado State
56%
LSU
56%
Cleveland Cavaliers Virginia
56%
Pittsburgh
53%
South Florida
53%
Denver Broncos Boise State
51%
Boston College
51%
San Francisco 49ers Charlotte
51%
Pittsburgh Pirates East Carolina
51%
Memphis Grizzlies Montana
51%
Wyoming
49%
Bowling Green
47%
Missouri
47%
Pittsburgh Penguins Youngstown State
44%
Bradley
42%
Toronto Bluejays Creighton
42%
South Alabama
42%
Arizona Coyotes South Dakota
42%
Chicago Bears Baylor
40%
Philadelphia Flyers Dayton
40%
Cincinnati Bengals Idaho State
40%
Miami Dolphins Jacksonville
40%
Western Michigan
40%
Memphis
37%
Princeton
37%
Arizona/St. Louis Cardinals Ball State
35%
Chicago Bulls Buffalo
35%
Georgia State
35%
Charlotte Hornets Alabama State
33%
Brown
33%
Long Beach State
30%
Dallas Cowboys McNeese State
30%
New Orleans Saints Siena
30%
New York Islanders Texas A&M - Corpus Christi
30%
Tennessee Titans Cal State Fullerton
28%
Minnesota Vikings Cleveland State
28%
New England Patriots George Mason
28%
Atlanta Braves Alcorn State
26%
Boston Bruins Belmont
26%
Sacramento State
26%
Southern
26%
Detroit Lions Columbia
23%
East Tennessee State
23%
Fordham
23%
San Jose Sharks Long Island
23%
Seton Hall
23%
Grambling State
21%
Lamar
21%
Seattle Seahawks UNC Wilmington
21%
Delaware State
19%
Detroit
19%
Eastern Michigan
19%
Georgia Southern
19%
Hampton
19%
Dallas Mavericks Nebraska-Omaha
19%
SE Louisiana
19%
Texas Arlington
19%
Wagner
19%
Incarnate Word
16%
Jackson State
16%
Portland State
16%
Prairie View A&M
16%
Texas Southern
16%
VCU
16%
Wright State
16%
Tampa Bay Buccaneers Charleston Southern
14%
Carolina/Florida Panthers Eastern Illinois
14%
Missouri State
14%
Santa Clara
14%
St. Joseph's
14%
Oakland Raiders Colgate
12%
Florida Gulf Coast
12%
Mercer
12%
Monmouth
12%
Northern Colorado
12%
Northern Iowa
12%
Rhode Island
12%
Towson
12%
Central Arkansas
9%
Eastern Washington
9%
Atlanta Hawks Hartford
9%
Jacksonville Jaguars IUPUI
9%
Loyola Marymount
9%
North Alabama
9%
Tennessee State
9%
Philadelphia Eagles American
7%
Pacific
7%
Winthrop
7%
High Point
5%
MD Eastern Shore
5%
NC Central
5%
WI Milwaukee
5%
Coppin State
2%
Golden State Warriors Merrimack
2%
Morehead State
2%
Morgan State
2%
No matching quizzes found
Score Distribution
Percent of People with Each Score
Percentile by Number Answered
Your Score History
You have not taken this quiz since the last reset